00547nam a2200169Ia 4500008004100000040001900041041001200060082003700072245009200109250001200201260005600213300001500269504004000284650002000324700002300344850001000367131103s9999 xx 000 0 und d aLoreto College aEnglish a336.2/BIR/336.2/REAbLCLIB/21162 aReading on taxation in developing countriescedited by Richard M.Bird and Oliver Oldman arev.ed. aThe Johns Hapkins Pressb1967 (1972 printing)c1967 axii,547 p. aIncludes bibliographical references aEconomics - Tax aBird,Richard M.ed. aLCLIB